| 000 | 00519nam a22001337a 4500 | ||
|---|---|---|---|
| 008 | 150324b xxu||||| |||| 00| 0 eng d | ||
| 050 | _aJQ2923.5.C543 | ||
| 100 |
_aChizikani, Augustine Runesu _916464 |
||
| 245 |
_aThe Zimbabwean Constitutional Issue _breflections on Constitutions, constitutionalism, peace and development _cAugustine Runesu Chizikani |
||
| 260 |
_aHarare _bConsultancy Centre _c2015 |
||
| 300 |
_avii, 253p. ; _c21cm. |
||
| 650 |
_aConstitution _xcommentaries _zZimbabwe _916465 |
||
| 942 |
_2lcc _cMONOGRAPH |
||
| 999 |
_c122473 _d122473 |
||